Alcoholism and Drug Dependency : Professional Master guide (Record no. 25496)
[ view plain ]
| 000 -LEADER | |
|---|---|
| fixed length control field | 00380nam a2200133Ia 4500 |
| 100 ## - MAIN ENTRY--PERSONAL NAME | |
| Personal name | Ministry of Welfare GoI |
| 245 ## - TITLE STATEMENT | |
| Title | Alcoholism and Drug Dependency : Professional Master guide |
| 260 ## - PUBLICATION, DISTRIBUTION, ETC. | |
| Name of publisher, distributor, etc. | T.T. Ranganathsn Chemical Research Foundation |
| Place of publication, distribution, etc. | Madras |
| Date of publication, distribution, etc. | 1989 |
| 546 ## - LANGUAGE NOTE | |
| Language note | ENGLISH |
| 650 ## - SUBJECT ADDED ENTRY--TOPICAL TERM | |
| Topical term or geographic name entry element | General |
| 654 ## - SUBJECT ADDED ENTRY--FACETED TOPICAL TERMS | |
| Focus term | Alcoholism and drug |
| 942 ## - ADDED ENTRY ELEMENTS (KOHA) | |
| Koha item type | BOOK |
| Withdrawn status | Lost status | Damaged status | Not for loan | Collection | Home library | Current library | Date acquired | Total Checkouts | Full call number | Barcode | Date last seen | Price effective from | Koha item type |
|---|---|---|---|---|---|---|---|---|---|---|---|---|---|
| CRC | Fr. Agnel's C.Rodrigues College of Engineering | Fr. Agnel's C.Rodrigues College of Engineering | 17/03/2023 | 6578 | 17/03/2023 | 17/03/2023 | BOOK |